000 00677nam a2200253Ia 4500
003 OSt
005 20220924131952.0
006 a|||||r|||| 00| 0
007 ta
008 220923b |||||||| |||| 00| 0 tel d
020 _cRs.35
024 _a341368
037 _cTextual
040 _aARTS
_cARTS
_btel
041 _2tel
_atel
082 _aNW, 35N5
100 _aNanduri Ramakrishna Au.
_9203407
245 0 _aNenoka Durgam
260 _aVijayawada
_bSri Padmalaya Publishers India
_c1995
300 _a212p.
_ccm.
650 _aMOTION PICTURES
_927571
942 _hNW, 35N5
_cTEXL
_2CC
999 _c428806
_d428806